000
00264nam a2200109Ia 4500
008
200302s9999 xx 000 0 und d
100
_a
J. K. Mckay
245
_a
Building Construction Metric Vol 4
260
_b
Orient Longman Ltd.
260
_c
1996
300
_a
275 P.,
999
_c
927
_d
927